00461nam a22001217a 4500008004100000040005500041080001600096245012300112260006200235300001400297650001300311653001500324230406b |||||||| |||| 00| 0 eng d aNational Science LibrarycNational Science Library a338.924bL6 aGuidelines for industries: bHandbook of industrial policy and procedures and annual guidelines for industries 1976-77 aNew Delhi: bDepartment of Industrial Development, c1976 axi, 352p. aHandbook aIndustries